La Contaminacin̤ Acs︢tica en las calles Espaǫlas

Bibliographic Details
Main Author: Len̤ Valle, Francisco Javier
Format: eBook
Language:Spanish
Published: Alicante : Editorial Club Universitario, 2004
Subjects:
Online Access:http://www.vlex.com/source/7050

MARC

LEADER 00000nam a22000007a 4500
005 20130222123220.0
007 cr|||| ||||
008 130222e2004 sp |||||s|||| 00||0 spa d
020 |a 978–84–8454–127–1 
035 |a 7050 
040 |a vLex 
090 |c 3726  |d 3726 
100 1 0 |a Len̤ Valle, Francisco Javier  
245 1 3 |a La Contaminacin̤ Acs︢tica en las calles Espaǫlas  |h [Recurso electrn̤ico] 
256 |a Servicio en ln̕ea 
260 |a Alicante :  |b Editorial Club Universitario,   |c 2004 
300 |a 1 Recurso electrn̤ico 
650 0 4 |a Derecho del medio ambiente 
650 0 4 |a Contaminacin̤ acs︢tica 
740 |a vLex Libros (Servicio en ln̕ea) 
856 |a Acceso restringido  |u http://www.vlex.com/source/7050 
942 |c BOOK 
999 0 |a Environmental law